Culture Générale - Série 152 - Statistiques

Statistiques générales
  • Ce quiz a été pris 367 fois
  • Le résultat moyen est 6 sur 10
Statistiques - réponses
Question Réponse % Correct
Dans le dessin animé, qu'est-ce qui sert de chapeau à Calimero ? Une coquille d'oeuf
90%
Avec quel condiment à base de piments assaisonne-t-on le couscous ? Harissa
78%
Avec quel club français Luis Fernandez a-t-il remporté une Coupe d'Europe ? Paris
74%
En 1987, à quelle chanteuse doit-on le tube "Voyage, voyage" ? Desireless
72%
Quel jour est-on "aujourd'hui" dans la chanson "Les Roses blanches" ? Dimanche
71%
De quelle couleur sont "les souliers" chantés par Lynda Lemay ? Verts
67%
Quel doyen du village d'Astérix est marié à une jeune et jolie femme ? Agecanonix
62%
Quel os, en forme de S, va du sternum à l'omoplate ? Clavicule
38%
Qu'est-ce que "L'African Queen" dans le classique de John Huston en 1951 ? Bateau
37%
Qu'est-ce que la "Panthère rose" dans les films de Blake Edwards ? Diamant
33%
Aucun quiz correspondant
Distribution des résultats
% des personnes avec chaque résultat
Percentile par nombre de réponses
Votre historique - résultats
Vous n’avez pas pris ce quiz